EN DEFENSA DE LA NACIÓN (Registro nro. 68604)
[ vista simple ]
| 000 -CABECERA | |
|---|---|
| campo de control de longitud fija | 00677nam a22002177a 4500 |
| 003 - IDENTIFICADOR DEL NÚMERO DE CONTROL | |
| campo de control | BPGM |
| 008 - DATOS DE LONGITUD FIJA--INFORMACIÓN GENERAL | |
| campo de control de longitud fija | 260612m mx o|||gr||||s000 u SPA d |
| 040 ## - FUENTE DE LA CATALOGACIÓN | |
| Centro catalogador/agencia de origen | BPGM |
| Lengua de catalogación | spa |
| 041 ## - CÓDIGO DE LENGUA | |
| Código de lengua del texto/banda sonora o título independiente | SPA |
| Código de lengua original | SPA |
| 082 04 - NÚMERO DE LA CLASIFICACIÓN DECIMAL DEWEY | |
| Número de edición | CQ / 320.54 / E52 |
| Número de clasificación | CQ / 320.54 / E52 |
| 245 ## - MENCIÓN DE TÍTULO | |
| Título | EN DEFENSA DE LA NACIÓN |
| 250 ## - MENCIÓN DE EDICIÓN | |
| Mención de edición | PRIMERA EDICIÓN |
| Resto de la mención de edición | 1997 |
| 260 ## - PUBLICACIÓN, DISTRIBUCIÓN, ETC. | |
| Lugar de publicación, distribución, etc. | MÉXICO, QUERÉTARO |
| Nombre del editor, distribuidor, etc. | ACADEMIA MEXICANA DE HISTORIADORES Y CRONISTAS |
| Fecha de publicación, distribución, etc. | 1997 |
| 300 ## - DESCRIPCIÓN FÍSICA | |
| Extensión | 231 PÁGINAS; |
| Otras características físicas | 21.2 CM X 14.6 CM |
| 336 ## - TIPO DE CONTENIDO | |
| Fuente | rdacontent |
| Término de tipo de contenido | texto |
| Código de tipo de contenido | txt |
| 337 ## - TIPO DE MEDIO | |
| Fuente | rdamedia |
| Nombre/término del tipo de medio | sin mediación |
| Código del tipo de medio | n |
| 338 ## - TIPO DE SOPORTE | |
| Fuente | rdacarrier |
| Nombre/término del tipo de soporte | volumen |
| Código del tipo de soporte | nc |
| 490 0# - MENCIÓN DE SERIE | |
| Mención de serie | SERIE LOS CONSTITUYENTES DE 1917 |
| 650 ## - PUNTO DE ACCESO ADICIONAL DE MATERIA--TÉRMINO DE MATERIA | |
| Término de materia o nombre geográfico como elemento de entrada | POLÍTICA |
| 942 ## - ELEMENTOS DE PUNTO DE ACCESO ADICIONAL (KOHA) | |
| Fuente del sistema de clasificación o colocación | Dewey Decimal Classification |
| Tipo de ítem Koha | Consulta Jóvenes y Adultos |
| Estado de retiro | Estado de pérdida | Fuente del sistema de clasificación o colocación | Estado dañado | No para préstamo | Código de colección | Localización permanente | Ubicación/localización actual | Ubicación en estantería | Fecha de adquisición | Fuente de adquisición | Total de préstamos | Signatura topográfica completa | Fecha visto por última vez | Número de copia | Precio válido a partir de | Tipo de ítem Koha |
|---|---|---|---|---|---|---|---|---|---|---|---|---|---|---|---|---|
| Dewey Decimal Classification | Préstamo en Sala | Colección General BFC | BIBLIOTECA PÚBLICA CENTRAL ESTATAL “FRANCISCO CERVANTES” | BIBLIOTECA PÚBLICA CENTRAL ESTATAL “FRANCISCO CERVANTES” | ACCESO "A" PLANTA ALTA | 06/12/2026 | DBG | CQ / 320.54 / E52 | 06/12/2026 | EJ. 1 | 06/12/2026 | Consulta Jóvenes y Adultos | ||||
| Dewey Decimal Classification | Colección General BFC | BIBLIOTECA PÚBLICA CENTRAL ESTATAL “FRANCISCO CERVANTES” | BIBLIOTECA PÚBLICA CENTRAL ESTATAL “FRANCISCO CERVANTES” | ACCESO "A" PLANTA ALTA | 06/12/2026 | DBG | CQ / 320.54 / E52 | 06/12/2026 | EJ. 2 | 06/12/2026 | Consulta Jóvenes y Adultos | |||||
| Dewey Decimal Classification | Colección General BFC | BIBLIOTECA PÚBLICA CENTRAL ESTATAL “FRANCISCO CERVANTES” | BIBLIOTECA PÚBLICA CENTRAL ESTATAL “FRANCISCO CERVANTES” | ACCESO "A" PLANTA ALTA | 06/12/2026 | DBG | CQ / 320.54 / E52 | 06/12/2026 | EJ. 3 | 06/12/2026 | Consulta Jóvenes y Adultos | |||||
| Dewey Decimal Classification | Colección General BFC | BIBLIOTECA PÚBLICA CENTRAL ESTATAL “FRANCISCO CERVANTES” | BIBLIOTECA PÚBLICA CENTRAL ESTATAL “FRANCISCO CERVANTES” | ACCESO "A" PLANTA ALTA | 06/12/2026 | DBG | CQ / 320.54 / E52 | 06/12/2026 | EJ. 4 | 06/12/2026 | Consulta Jóvenes y Adultos | |||||
| Dewey Decimal Classification | Colección General BFC | BIBLIOTECA PÚBLICA CENTRAL ESTATAL “FRANCISCO CERVANTES” | BIBLIOTECA PÚBLICA CENTRAL ESTATAL “FRANCISCO CERVANTES” | ACCESO "A" PLANTA ALTA | 06/12/2026 | DBG | CQ / 320.54 / E52 | 06/12/2026 | EJ. 5 | 06/12/2026 | Consulta Jóvenes y Adultos | |||||
| Dewey Decimal Classification | Colección General BFC | BIBLIOTECA PÚBLICA CENTRAL ESTATAL “FRANCISCO CERVANTES” | BIBLIOTECA PÚBLICA CENTRAL ESTATAL “FRANCISCO CERVANTES” | ACCESO "A" PLANTA ALTA | 06/12/2026 | DBG | CQ / 320.54 / E52 | 06/12/2026 | EJ. 6 | 06/12/2026 | Consulta Jóvenes y Adultos |